[Event "53rd Rilton Cup 2025-26"]
[Site "Stockholm SWE"]
[Date "2025.12.28"]
[Round "2.2"]
[White "Hammer, Jon Ludvig"]
[Black "Fecker, Noah"]
[Result "1/2-1/2"]
[WhiteTitle "GM"]
[BlackTitle "FM"]
[WhiteElo "2606"]
[BlackElo "2365"]
[WhiteFideId "1503707"]
[BlackFideId "1334263"]
[EventDate "2025.12.27"]

1. d4 Nf6 2. c4 c5 3. d5 b5 4. Nf3 b4 5. a3 g6 6. Be3 bxa3 7. Rxa3 d6 8. Nc3 Bg7
9. Bg5 h6 10. Bd2 O-O 11. e4 e6 12. Be2 Re8 13. O-O exd5 14. exd5 Na6 15. Bd3
Nb4 16. Bb1 Bd7 17. h3 Re7 18. Qc1 Kh7 19. g4 a6 20. Kg2 Qf8 21. Bf4 Ree8 22.
Nd2 Rad8 23. Nde4 Nxe4 24. Nxe4 Bc8 25. g5 Bf5 26. Re3 Bxe4+ 27. Rxe4 Rxe4 28.
Bxe4 Re8 29. Re1 hxg5 30. Bxg5 Bh6 31. h4 f5 32. Bb1 Rxe1 33. Qxe1 Bxg5 34. hxg5
Qd8 35. f4 Qd7 36. Kf2 a5 37. Qc3 Qg7 38. Qxg7+ Kxg7 39. Ke2 Na6 40. Bc2 Nc7 41.
Ba4 Na8 42. Be8 Nb6 43. b3 Kh7 44. Kd3 Kg7 45. Kc3 Kh7 46. Kb2 Kg7 47. Ka3 Kh7
48. Bf7 Kg7 49. Be8 Kh7 50. Bf7 Kg7 51. Be8 1/2-1/2

[Event "53rd Rilton Cup 2025-26"]
[Site "Stockholm SWE"]
[Date "2025.12.28"]
[Round "2.3"]
[White "Xu, Xiangyu"]
[Black "Riehle, Marco"]
[Result "1-0"]
[WhiteTitle "GM"]
[BlackTitle "FM"]
[WhiteElo "2601"]
[BlackElo "2363"]
[WhiteFideId "8608288"]
[BlackFideId "12904392"]
[EventDate "2025.12.27"]

1. c4 c5 2. g3 Nf6 3. Bg2 d5 4. cxd5 Nxd5 5. Nc3 Nc7 6. d3 e5 7. Be3 Nc6 8.
Bxc6+ bxc6 9. Qa4 Bd7 10. Nf3 f6 11. Ne4 Ne6 12. Rc1 Qb6 13. Nfd2 Nd4 14. Nb3
Nxb3 15. axb3 Qb4+ 16. Kd1 Rb8 17. Qxb4 cxb4 18. Ra1 Rb7 19. Bxa7 Be6 20. Bc5
Bd5 21. Bxf8 Bxe4 22. Bxg7 Bxh1 23. Bxh8 Kf7 24. f3 h5 25. Rc1 Rc7 26. Ke1 Bg2
27. Rc4 Rc8 28. Bxf6 Kxf6 29. Rh4 Ra8 30. Kf2 Ra2 31. Kxg2 Rxb2 32. Kf2 Rxb3 33.
Rc4 Ke6 34. Rxc6+ Kd5 35. Rc4 Rb2 36. Ke3 Rb1 37. h4 Rb2 38. g4 hxg4 39. fxg4
Rb1 40. h5 b3 41. Rb4 b2 42. h6 Rg1 43. Rxb2 Rxg4 44. Rb8 Rg3+ 45. Kd2 Rh3 46.
Rh8 Kc6 47. h7 Kb7 48. Ke1 Rh2 49. Kf1 Rh6 50. Kg2 Ka7 51. Kf3 Kb7 52. Ke4 1-0

[Event "53rd Rilton Cup 2025-26"]
[Site "Stockholm SWE"]
[Date "2025.12.28"]
[Round "2.4"]
[White "Sarenac, Ivan"]
[Black "Dai, Changren"]
[Result "0-1"]
[WhiteTitle "IM"]
[BlackTitle "GM"]
[WhiteElo "2365"]
[BlackElo "2551"]
[WhiteFideId "938165"]
[BlackFideId "8608156"]
[EventDate "2025.12.27"]

1. e4 c6 2. Nc3 d5 3. Nf3 Bg4 4. h3 Bxf3 5. Qxf3 e6 6. g3 Nd7 7. Bg2 d4 8. Nb1
h5 9. O-O h4 10. d3 Ne7 11. g4 Ng6 12. Qe2 e5 13. c3 Nc5 14. cxd4 Qxd4 15. Be3
Qxd3 16. Qf3 Ne6 17. Rd1 Qa6 18. Bf1 Qa5 19. Bc4 Ngf4 20. Bxe6 Nxe6 21. Nd2 Qc7
22. a4 g6 23. Nc4 Bg7 24. Nd6+ Kf8 25. Rac1 Nd4 26. Bxd4 exd4 27. Nc4 Re8 28. b4
Kg8 29. b5 c5 30. a5 Kh7 31. b6 axb6 32. axb6 Qd7 33. Qf4 Re6 34. g5 Rhe8 35.
Qxh4+ Kg8 36. Re1 d3 37. Nd2 Qd4 38. Qf4 Be5 39. Qe3 Qd8 40. Kf1 Rxb6 41. Qxc5
Rb2 42. Qe3 Qb8 43. Rcd1 Rd8 44. Nc4 Bd4 45. Nxb2 Bxe3 46. Rxe3 Qe5 47. Rdxd3
Rc8 48. Rb3 Qh2 49. Nd1 Rc2 50. Rg3 Qh1+ 51. Rg1 Qxe4 52. Re3 Qd5 53. Re1 Qb5+
54. Kg2 Qxg5+ 55. Kh1 Qf5 56. Rg3 Rd2 57. Kg1 b5 58. Rge3 b4 59. Kh2 Rxd1 0-1

[Event "53rd Rilton Cup 2025-26"]
[Site "Stockholm SWE"]
[Date "2025.12.28"]
[Round "2.5"]
[White "Zielonka, Adam"]
[Black "Heberla, Bartlomiej"]
[Result "1/2-1/2"]
[WhiteTitle "FM"]
[BlackTitle "GM"]
[WhiteElo "2348"]
[BlackElo "2508"]
[WhiteFideId "21002096"]
[BlackFideId "1115120"]
[EventDate "2025.12.27"]

1. e4 e6 2. d4 d5 3. e5 c5 4. c3 Nc6 5. Nf3 f6 6. Bb5 Qb6 7. Bxc6+ Qxc6 8. O-O
Bd7 9. dxc5 Bxc5 10. Nbd2 Ne7 11. Nb3 Ng6 12. Nxc5 Qxc5 13. Re1 Qc4 14. Qd4 Qxd4
15. cxd4 Rc8 16. Be3 Rc2 17. b3 Ke7 18. Rec1 Rhc8 19. Ne1 Rxc1 20. Rxc1 Rxc1 21.
Bxc1 fxe5 22. dxe5 Nxe5 23. Bb2 Nc6 24. Bxg7 Kf7 25. Bb2 e5 26. Nd3 d4 27. f4
exf4 28. Nxf4 Kf6 29. Kf2 Bf5 30. Ne2 Ke5 31. Nxd4 Nxd4 32. Ke3 Bb1 33. Bxd4+
Kf5 34. a3 Ba2 35. b4 a6 36. h3 h5 37. Bg7 Bd5 38. g3 Bg2 39. h4 1/2-1/2

[Event "53rd Rilton Cup 2025-26"]
[Site "Stockholm SWE"]
[Date "2025.12.28"]
[Round "2.6"]
[White "Schippke, Manon"]
[Black "Ghasi, Ameet K"]
[Result "1/2-1/2"]
[WhiteTitle "WIM"]
[BlackTitle "GM"]
[WhiteElo "2337"]
[BlackElo "2500"]
[WhiteFideId "45100446"]
[BlackFideId "409200"]
[EventDate "2025.12.27"]

1. d4 Nf6 2. c4 g6 3. Nc3 Bg7 4. e4 d6 5. Be2 O-O 6. Nf3 e5 7. O-O Nc6 8. d5 Ne7
9. b4 a5 10. bxa5 Rxa5 11. a4 c5 12. Nd2 Nd7 13. Nb3 Ra6 14. Bd2 f5 15. a5 Nf6
16. f3 f4 17. Na4 Nd7 18. Rb1 g5 19. Nc1 h5 20. Nd3 Rf7 21. Rb5 Ng6 22. Qb3 Bf8
23. Rb1 Rg7 24. Nf2 Nh8 25. h3 Ra7 26. Kf1 Be7 27. Bd3 Nf7 28. Ke2 Kh7 29. Rh1
Qf8 30. Kd1 Bd8 31. Kc2 Nh6 32. Be2 Nf7 33. Bd3 Kg8 34. Be2 Qe7 35. Bd3 Kh7 36.
Be2 Rg8 37. Rg1 Nf6 38. Nb6 Bxb6 39. Rxb6 Nh6 1/2-1/2

[Event "53rd Rilton Cup 2025-26"]
[Site "Stockholm SWE"]
[Date "2025.12.28"]
[Round "2.7"]
[White "Blomqvist, Erik"]
[Black "Katsanis, Vasileios Dim"]
[Result "1/2-1/2"]
[WhiteTitle "GM"]
[BlackTitle "FM"]
[WhiteElo "2490"]
[BlackElo "2336"]
[WhiteFideId "1709437"]
[BlackFideId "42121159"]
[EventDate "2025.12.27"]

1. d4 Nf6 2. Nf3 d5 3. Bf4 c5 4. e3 Nc6 5. Nbd2 cxd4 6. exd4 Bf5 7. Bb5 Qb6 8.
c4 dxc4 9. a4 e6 10. Nxc4 Bb4+ 11. Bd2 Bxd2+ 12. Qxd2 Qc7 13. Nfe5 O-O 14. Bxc6
bxc6 15. b4 Be4 16. O-O Nd7 17. Rfc1 Bd5 18. Ra3 f6 19. Nd3 Bxc4 20. Rxc4 Qd6
21. Qc3 Rac8 22. a5 Qd5 23. Ra1 Rfd8 24. Re1 Nf8 25. Nf4 Qd7 26. h4 Ng6 27. Nxe6
Re8 28. Nc5 Qd5 29. Rxe8+ Rxe8 30. g3 Re2 31. Nd3 Qf3 32. Rxc6 h5 33. Qb3+ Kh7
34. Qd1 Qg4 35. Rc2 Rxc2 36. Qxc2 f5 37. Ne5 Qxd4 38. Nf3 Qg4 39. Ng5+ Kh6 40.
Nf7+ Kh7 41. Qc8 Qd1+ 42. Kh2 f4 43. gxf4 Qd4 44. Ng5+ Kh6 45. Nh3 Nxh4 46. Qh8+
Kg6 47. Qe8+ Kh6 48. Qb5 Nf3+ 49. Kg3 Qc3 50. Qc5 Qxc5 51. bxc5 Nd4 52. Ng5 Kg6
53. Nf3 Ne2+ 54. Kh4 Nxf4 55. c6 Ne6 56. Ng5 Nc7 57. f3 a6 58. Ne4 Kh6 59. f4 g6
60. Nd6 Kg7 61. f5 Kf6 62. fxg6 Kxg6 63. Ne4 Kf5 64. Nc5 Ke5 65. Kxh5 Kd5 66.
Nxa6 Ke5 1/2-1/2

[Event "53rd Rilton Cup 2025-26"]
[Site "Stockholm SWE"]
[Date "2025.12.28"]
[Round "2.8"]
[White "Arnold, Rhys"]
[Black "Raczek, Krzysztof"]
[Result "0-1"]
[WhiteTitle "FM"]
[BlackTitle "IM"]
[WhiteElo "2336"]
[BlackElo "2489"]
[WhiteFideId "1068849"]
[BlackFideId "21005303"]
[EventDate "2025.12.27"]

1. e4 c6 2. d4 d5 3. e5 Bf5 4. Nf3 e6 5. Be2 Bg6 6. O-O a6 7. Nbd2 c5 8. dxc5
Bxc5 9. Nb3 Bb6 10. c4 Ne7 11. Bg5 Nbc6 12. cxd5 Qxd5 13. Qxd5 Nxd5 14. Bc4 Ndb4
15. Rfd1 h6 16. Bh4 Bh5 17. Bg3 Ne7 18. Be2 Nf5 19. Nbd2 O-O-O 20. Nc4 Bc7 21.
Bf4 g5 22. Bd2 Nc6 23. Bc3 g4 24. Ne1 Nfd4 25. Bf1 g3 26. f3 gxh2+ 27. Kh1 Kb8
28. Nd3 Bg6 29. Nf4 Bh7 30. Rd2 Nb5 31. Nd6 Nxc3 32. bxc3 Nxe5 33. Rad1 Bxd6 34.
Rxd6 Rxd6 35. Rxd6 Rc8 36. Kxh2 Rxc3 37. Rd8+ Ka7 38. Rh8 Bb1 39. Rxh6 Nxf3+ 40.
gxf3 Rxf3 0-1

[Event "53rd Rilton Cup 2025-26"]
[Site "Stockholm SWE"]
[Date "2025.12.28"]
[Round "2.9"]
[White "Otsuka, Shou"]
[Black "Sengupta, Deep"]
[Result "1/2-1/2"]
[WhiteTitle "FM"]
[BlackTitle "GM"]
[WhiteElo "2335"]
[BlackElo "2479"]
[WhiteFideId "7004702"]
[BlackFideId "5008352"]
[EventDate "2025.12.27"]

1. c4 Nf6 2. Nf3 b6 3. g3 Bb7 4. Bg2 g6 5. O-O Bg7 6. d4 O-O 7. d5 Na6 8. Nc3
Nc5 9. Nd4 a5 10. e4 e5 11. Nc2 d6 12. Rb1 c6 13. dxc6 Bxc6 14. Qe2 Qb8 15. Rd1
h6 16. b3 Rd8 17. Kh1 Qb7 18. f3 Kh8 19. Be3 Ng8 20. b4 axb4 21. Nxb4 Nf6 22.
Rd2 Bf8 23. Rdb2 Rdb8 24. Bh3 Ra3 25. Nxc6 Qxc6 26. Nb5 Ra4 27. Nc3 Ra3 28. Nb5
Ra4 29. Nc3 1/2-1/2

[Event "53rd Rilton Cup 2025-26"]
[Site "Stockholm SWE"]
[Date "2025.12.28"]
[Round "2.10"]
[White "Dotzer, Lukas"]
[Black "Kueppers, Timo"]
[Result "1-0"]
[WhiteTitle "IM"]
[BlackTitle "FM"]
[WhiteElo "2478"]
[BlackElo "2322"]
[WhiteFideId "1666975"]
[BlackFideId "16205820"]
[EventDate "2025.12.27"]

1. e4 c5 2. Nc3 Nc6 3. Nf3 e5 4. Bc4 d6 5. d3 Be7 6. Nd2 Nf6 7. Nf1 Bg4 8. f3
Be6 9. Ne3 O-O 10. O-O Nd7 11. Ned5 Nb6 12. f4 Nxc4 13. dxc4 exf4 14. Bxf4 Ne5
15. Bxe5 dxe5 16. Qh5 Bg5 17. Rad1 g6 18. Qf3 h6 19. Qg3 Qb8 20. h4 Bf4 21. Qf2
h5 22. Qxc5 Bg3 23. Qe7 Qc8 24. Qg5 Qc5+ 25. Kh1 Bg4 26. Rd3 Qxc4 27. b3 Qa6 28.
Rf6 1-0

[Event "53rd Rilton Cup 2025-26"]
[Site "Stockholm SWE"]
[Date "2025.12.28"]
[Round "2.11"]
[White "Kacprzak, Karol"]
[Black "Cieslak, Patryk"]
[Result "1/2-1/2"]
[WhiteTitle "FM"]
[BlackTitle "IM"]
[WhiteElo "2323"]
[BlackElo "2477"]
[WhiteFideId "21819327"]
[BlackFideId "21078882"]
[EventDate "2025.12.27"]

1. e4 c5 2. Nf3 d6 3. d4 cxd4 4. Nxd4 Nf6 5. Nc3 a6 6. Be3 e5 7. Nb3 Be7 8. f3
Be6 9. Qd2 h5 10. Be2 Nbd7 11. Nd5 Bxd5 12. exd5 Qc7 13. Rc1 O-O 14. c4 a5 15.
Na1 Qd8 16. Nc2 g6 17. Na3 e4 18. O-O exf3 19. gxf3 Ne8 20. Nb5 Ng7 21. Bd3 Ne5
22. Bb1 Qd7 23. Nd4 Bf6 24. b3 Rfe8 25. Rce1 a4 26. Kh1 axb3 27. axb3 Qd8 28.
Nb5 Ra6 29. Bg1 Bh4 30. Re2 Nd7 31. f4 Rxe2 32. Qxe2 Bf6 33. Bf2 Nf8 34. Qf3 Qd7
35. Bd4 Qe7 36. Bf2 Qd7 37. Bd4 Qe7 1/2-1/2

[Event "53rd Rilton Cup 2025-26"]
[Site "Stockholm SWE"]
[Date "2025.12.28"]
[Round "2.12"]
[White "Trost, Edvin"]
[Black "Kuznecova, Marija"]
[Result "1-0"]
[WhiteTitle "IM"]
[BlackTitle "FM"]
[WhiteElo "2466"]
[BlackElo "2314"]
[WhiteFideId "1729519"]
[BlackFideId "11618736"]
[EventDate "2025.12.27"]

1. d4 d5 2. c4 c6 3. Nf3 Nf6 4. e3 Bf5 5. Nc3 e6 6. Nh4 Bg6 7. Nxg6 hxg6 8. Bd2
Nbd7 9. cxd5 cxd5 10. Qb3 Qb6 11. Qxb6 Nxb6 12. Bd3 Rc8 13. b3 a6 14. Ke2 Bd6
15. h3 g5 16. Rab1 O-O 17. Na4 Nbd7 18. b4 e5 19. Rhc1 e4 20. Bc2 a5 21. bxa5
Ba3 22. Nb2 b6 23. axb6 Nxb6 24. Bb3 Rxc1 25. Bxc1 Rc8 26. Bd2 Nfd7 27. Na4 Nc4
28. Bxc4 Rxc4 29. Nc3 Nf6 30. Rb8+ Kh7 31. Rb3 Bb4 32. a3 Be7 33. Kd1 Kg6 34.
Kc2 Kf5 35. Rb5 Ke6 36. Kb3 Rc7 37. a4 Ra7 38. Rb6+ Kd7 39. Nb5 Ra8 40. Rb7+ Kd8
41. a5 Nd7 42. Bb4 Bxb4 43. Kxb4 Ra6 44. Nc7 Rd6 45. a6 Kc8 46. Ka5 Rf6 47. Rb2
Nb8 48. Rc2 1-0

[Event "53rd Rilton Cup 2025-26"]
[Site "Stockholm SWE"]
[Date "2025.12.28"]
[Round "2.13"]
[White "Priansh, Das"]
[Black "Rozentalis, Eduardas"]
[Result "1/2-1/2"]
[WhiteTitle "FM"]
[BlackTitle "GM"]
[WhiteElo "2312"]
[BlackElo "2461"]
[WhiteFideId "45029946"]
[BlackFideId "12800023"]
[EventDate "2025.12.27"]

1. e4 e6 2. d4 d5 3. exd5 exd5 4. Nf3 Nc6 5. Bd3 Bd6 6. O-O Nge7 7. Re1 O-O 8.
a3 Bf5 9. Nc3 Qd7 10. Nb5 Rae8 11. Nxd6 Qxd6 12. Bg5 Bxd3 13. Qxd3 Ng6 14. Rad1
h6 15. Bd2 Qd7 16. Rxe8 Rxe8 17. Re1 Rxe1+ 18. Nxe1 Qg4 19. Be3 Nf4 20. Qd2 Ne6
21. f3 Qg6 22. b4 a6 23. a4 f6 24. c3 Ne7 25. Qc2 Qxc2 26. Nxc2 Nc8 27. b5 axb5
28. axb5 Nd6 29. Na3 Kf7 30. Kf2 f5 31. g3 g5 32. Bd2 Kf6 33. Ke2 h5 34. Kd3 f4
35. g4 hxg4 36. fxg4 b6 37. Be1 Kg6 38. Ke2 Ng7 39. Kf3 Ne6 40. Bf2 Ne4 41. Be1
Nd6 42. Bf2 1/2-1/2

[Event "53rd Rilton Cup 2025-26"]
[Site "Stockholm SWE"]
[Date "2025.12.28"]
[Round "2.14"]
[White "Sardana, Rishi"]
[Black "Hryzlova, Sofiia"]
[Result "1/2-1/2"]
[WhiteTitle "IM"]
[BlackTitle "WIM"]
[WhiteElo "2459"]
[BlackElo "2300"]
[WhiteFideId "25004301"]
[BlackFideId "14174669"]
[EventDate "2025.12.27"]

1. d4 Nf6 2. c4 e6 3. Nc3 Bb4 4. e3 O-O 5. a3 Bxc3+ 6. bxc3 b6 7. Bd3 Bb7 8. f3
c5 9. Ne2 d6 10. O-O Nc6 11. e4 Qc7 12. Bg5 Nd7 13. Kh1 Na5 14. Qe1 Ba6 15. Qg3
f6 16. Nf4 fxg5 17. Nxe6 Qb8 18. Nxf8 Nxf8 19. Qxg5 Qb7 20. Rfd1 Bxc4 21. dxc5
dxc5 22. Bc2 Ne6 23. Qg3 Rf8 24. Rd6 Nf4 25. Rad1 Be6 26. Qh4 Qf7 27. Rd8 Ng6
28. Rxf8+ Nxf8 29. Rd8 Nc6 30. Rd6 Ne5 31. a4 Neg6 32. Qd8 Nf4 33. a5 Qg6 34.
Rd2 Bc4 35. e5 Qh5 36. Qd6 Qh4 37. g3 Qh3 38. Rf2 Ne2 39. e6 Qxe6 40. Qd2 Qh3
41. Bd3 Bxd3 42. Qxd3 Nxg3+ 43. Kg1 Nh5 44. Qd5+ Ne6 45. Qa8+ Nf8 46. Qd5+ Ne6
47. a6 Nf4 48. Qa8+ Nf8 49. Qe4 Qh4 50. Rd2 Qg5+ 51. Kf1 N4e6 52. Rd6 Qe7 53.
Qd5 h6 54. Rc6 Qh4 55. Rxb6 Qxh2 56. Rb7 Qh1+ 57. Kf2 Qh2+ 58. Kf1 Kh8 59. Qe4
Qh1+ 60. Kf2 Qh2+ 61. Kf1 Qh1+ 62. Kf2 Qh2+ 1/2-1/2

[Event "53rd Rilton Cup 2025-26"]
[Site "Stockholm SWE"]
[Date "2025.12.28"]
[Round "2.15"]
[White "Zhalmakhanov, Ramazan"]
[Black "Kenneskog, Theodor"]
[Result "1-0"]
[WhiteTitle "GM"]
[BlackTitle "FM"]
[WhiteElo "2454"]
[BlackElo "2293"]
[WhiteFideId "13706357"]
[BlackFideId "1715011"]
[EventDate "2025.12.27"]

1. e4 d6 2. d4 Nf6 3. Nc3 g6 4. f4 Bg7 5. a3 O-O 6. Nf3 c5 7. dxc5 Nbd7 8. cxd6
exd6 9. Be3 Re8 10. Ng5 d5 11. Bb5 h6 12. Nxf7 Kxf7 13. e5 a6 14. Ba4 b5 15. Bb3
Nb6 16. O-O Ng4 17. Bc5 h5 18. Ne4 Bf8 19. Ng5+ Kg8 20. Bd4 Nc4 21. c3 Nge3 22.
Bxe3 Nxe3 23. Qd4 Nxf1 24. Bxd5+ Kg7 25. Rxf1 Bf5 26. Nf7 Qe7 27. Nd6 Rad8 28.
Bc6 Kh7 29. Bxe8 Qc7 30. Rd1 Bg4 31. Rd2 h4 32. h3 Bf5 33. Qf2 Kg7 34. Qxh4 1-0

[Event "53rd Rilton Cup 2025-26"]
[Site "Stockholm SWE"]
[Date "2025.12.28"]
[Round "2.16"]
[White "Sowinski, Pawel"]
[Black "Daakshin, Arun"]
[Result "1/2-1/2"]
[WhiteTitle "IM"]
[BlackTitle "FM"]
[WhiteElo "2436"]
[BlackElo "2274"]
[WhiteFideId "21881979"]
[BlackFideId "366195016"]
[EventDate "2025.12.27"]

1. d4 d5 2. c4 e6 3. Nc3 Nf6 4. cxd5 exd5 5. Bg5 Be6 6. e3 Nbd7 7. h3 c6 8. Bd3
Be7 9. Nf3 O-O 10. O-O Ne8 11. Bf4 Nd6 12. Ng5 Bxg5 13. Bxd6 Be7 14. Bh2 Nb6 15.
Qc2 g6 16. Rad1 Bd6 17. Be5 f6 18. Bxd6 Qxd6 19. Nb1 a5 20. f4 f5 21. Nd2 a4 22.
Nf3 Nc4 23. Qf2 Kg7 24. Kh2 Qb4 25. Rb1 Nd6 26. Ne5 Nf7 27. a3 Qb6 28. Rbc1 Nxe5
29. fxe5 Qc7 30. Qg3 b6 31. Rf4 Rf7 32. Rcf1 Raf8 33. Bc2 b5 34. Bd3 c5 35. dxc5
Qxc5 36. Rb4 Rb7 37. Rf2 Bd7 38. Rd4 Be6 39. Qf4 Qe7 40. Rc2 Re8 41. h4 Bf7 42.
Kg1 Qxe5 43. Qxe5+ Rxe5 44. Kf2 Be8 45. Be2 Re4 46. Bf3 Rxd4 47. exd4 Bf7 48.
Rc5 b4 49. Ra5 bxa3 50. bxa3 Rb2+ 51. Kg3 Be8 52. Kf4 Rb3 53. Ra8 Bc6 54. Rc8
Bb7 55. Rc7+ Kf6 56. Rxh7 Bc6 57. Rc7 Be8 58. Rc8 Ke7 59. Rc7+ Kf6 60. Ra7 Rxa3
61. Ra6+ Ke7 62. Ke5 Re3+ 63. Kf4 Rd3 64. Bxd5 Rxd4+ 65. Ke5 Rd1 66. Ra7+ Bd7
67. Bc6 a3 68. Bxd7 Rxd7 69. Rxa3 Rb7 70. Ra4 Rb5+ 71. Kf4 Rb2 72. g3 Rb3 73. h5
gxh5 74. Ra6 h4 75. gxh4 Rb4+ 76. Kg5 Rg4+ 77. Kh5 Kf7 78. Rb6 1/2-1/2

[Event "53rd Rilton Cup 2025-26"]
[Site "Stockholm SWE"]
[Date "2025.12.28"]
[Round "2.17"]
[White "Kienboeck, Benjamin"]
[Black "Das, Sayantan"]
[Result "1-0"]
[WhiteTitle "FM"]
[BlackTitle "GM"]
[WhiteElo "2306"]
[BlackElo "2434"]
[WhiteFideId "1649353"]
[BlackFideId "5034426"]
[EventDate "2025.12.27"]

1. e4 g6 2. d4 Bg7 3. Nc3 d6 4. Be3 Nf6 5. Qd2 c6 6. O-O-O b5 7. f3 Nbd7 8. Kb1
Nb6 9. Bh6 Bxh6 10. Qxh6 Rb8 11. e5 b4 12. exf6 bxc3 13. fxe7 Qxe7 14. b3 a5 15.
Bd3 a4 16. Ne2 Nd5 17. Be4 axb3 18. axb3 Nb4 19. Nxc3 Kd8 20. Rhe1 Qf6 21. g4 d5
22. Bd3 Be6 23. Qe3 c5 24. Bb5 c4 25. bxc4 h5 26. h3 Bd7 27. Qe5 Qxe5 28. dxe5
Bxb5 29. cxb5 hxg4 30. hxg4 Rh2 31. Nxd5 Nxd5 32. Rxd5+ Ke7 33. Red1 Rf2 34.
R1d3 Rc8 35. Rd7+ Ke8 36. Rd2 Rxf3 37. R7d4 Rfc3 38. Rb4 R3c5 39. Re2 Ke7 40.
Kb2 Ke6 41. b6 Rb8 42. Re3 Rxe5 43. Rxe5+ Kxe5 44. Kc3 f5 45. gxf5 gxf5 46. Kc4
f4 47. Kb5 f3 48. Rb1 f2 49. Rf1 Rf8 50. b7 Kd4 51. Kb6 Kc3 52. Ka7 1-0

[Event "53rd Rilton Cup 2025-26"]
[Site "Stockholm SWE"]
[Date "2025.12.28"]
[Round "2.18"]
[White "Hillarp Persson, Tiger"]
[Black "Rasti, Arvin"]
[Result "1/2-1/2"]
[WhiteTitle "GM"]
[BlackTitle "FM"]
[WhiteElo "2428"]
[BlackElo "2270"]
[WhiteFideId "1700812"]
[BlackFideId "1741160"]
[EventDate "2025.12.27"]

1. Nf3 Nf6 2. c4 e6 3. g3 a6 4. Bg2 b5 5. d3 Bb7 6. O-O Be7 7. e4 d6 8. Nc3 bxc4
9. dxc4 O-O 10. Qe2 c5 11. Rd1 Qc7 12. e5 dxe5 13. Qxe5 Qc8 14. Bf4 Nbd7 15. Qe2
Bc6 16. Bd6 Bxd6 17. Rxd6 Qb7 18. Rad1 Rab8 19. b3 Rfe8 20. g4 Nf8 21. Ne1 Bxg2
22. Nxg2 h6 23. h4 Qc7 24. f3 Rbd8 25. Qd2 Rxd6 26. Qxd6 Qb7 27. g5 hxg5 28.
hxg5 N6d7 29. Ne4 a5 30. Qf4 Nb8 31. Nxc5 Qb6 32. Qe3 e5 33. Ne4 Qg6 34. Rd6 Ne6
35. a3 Qh5 36. Kf2 Qh2 37. Kf1 Qh1+ 38. Kf2 Qh2 39. Kf1 Qh1+ 40. Kf2 1/2-1/2

[Event "53rd Rilton Cup 2025-26"]
[Site "Stockholm SWE"]
[Date "2025.12.28"]
[Round "2.19"]
[White "Kacprzak, Kacper"]
[Black "Siva, Mahadevan"]
[Result "1/2-1/2"]
[WhiteTitle "FM"]
[BlackTitle "IM"]
[WhiteElo "2303"]
[BlackElo "2427"]
[WhiteFideId "21819319"]
[BlackFideId "25043153"]
[EventDate "2025.12.27"]

1. e4 e5 2. Nf3 Nc6 3. Bb5 a6 4. Ba4 Nf6 5. O-O Be7 6. Re1 b5 7. Bb3 O-O 8. a4
Bb7 9. d3 d6 10. Bd2 Qd7 11. h3 Nd8 12. axb5 axb5 13. Rxa8 Bxa8 14. Nc3 Ne6 15.
Bxe6 fxe6 16. b4 Kh8 17. Qb1 Nh5 18. Qb3 Bc6 19. d4 exd4 20. Nxd4 Bf6 21. Nxe6
Re8 22. Ng5 h6 23. Nf3 Bxc3 24. Qxc3 Bxe4 25. Nd4 Nf6 26. f3 Bg6 27. Rxe8+ Bxe8
28. Qd3 c5 29. bxc5 dxc5 30. Nb3 Qxd3 31. cxd3 1/2-1/2

[Event "53rd Rilton Cup 2025-26"]
[Site "Stockholm SWE"]
[Date "2025.12.28"]
[Round "2.20"]
[White "Xie, Kaifan"]
[Black "Harshit, Ranjan Sahu"]
[Result "1-0"]
[WhiteTitle "IM"]
[BlackTitle "CM"]
[WhiteElo "2426"]
[BlackElo "2265"]
[WhiteFideId "8619107"]
[BlackFideId "25638815"]
[EventDate "2025.12.27"]

1. d4 Nf6 2. c4 g6 3. Nc3 Bg7 4. e4 d6 5. f3 O-O 6. Nge2 Nc6 7. Be3 a6 8. Qd2
Rb8 9. Nc1 e5 10. d5 Nd4 11. Nb3 c5 12. dxc6 bxc6 13. Nxd4 exd4 14. Bxd4 d5 15.
cxd5 cxd5 16. e5 Re8 17. Be2 Nh5 18. O-O Bxe5 19. Bxe5 Rxe5 20. f4 Qb6+ 21. Kh1
Qe3 22. Rad1 Re6 23. Bxh5 gxh5 24. Nxd5 Qxd2 25. Rxd2 Bb7 26. f5 Rh6 27. f6 Kf8
28. Ne7 h4 29. h3 Rh5 30. Rf4 Re8 31. Rg4 1-0

[Event "53rd Rilton Cup 2025-26"]
[Site "Stockholm SWE"]
[Date "2025.12.28"]
[Round "2.21"]
[White "Li, Di"]
[Black "Kavutskiy, Kostya"]
[Result "1-0"]
[WhiteTitle "GM"]
[BlackTitle "IM"]
[WhiteElo "2549"]
[BlackElo "2354"]
[WhiteFideId "8607508"]
[BlackFideId "2026384"]
[EventDate "2025.12.27"]

1. d4 Nf6 2. c4 g6 3. Nc3 Bg7 4. e4 d6 5. Nf3 O-O 6. Be2 e5 7. O-O Bg4 8. d5 a5
9. h3 Bxf3 10. Bxf3 Nbd7 11. Bg5 h6 12. Be3 h5 13. g3 Nh7 14. Bg2 h4 15. Qg4
hxg3 16. fxg3 b6 17. Rf2 Nhf6 18. Qe2 Nh5 19. Kh2 Bf6 20. Qd2 Be7 21. Raf1 Ng7
22. Bh6 f6 23. h4 Rf7 24. Bh3 Nc5 25. Bg4 Kh7 26. Kg2 Qh8 27. Be3 Kg8 28. Bxc5
bxc5 29. Be6 Nh5 30. Nb5 Bd8 31. Rf3 Kg7 32. Bxf7 Kxf7 33. Ra3 Qh7 34. Qe2 1-0

[Event "53rd Rilton Cup 2025-26"]
[Site "Stockholm SWE"]
[Date "2025.12.29"]
[Round "3.1"]
[White "Waldhausen Gordon, Frederick"]
[Black "Xu, Xiangyu"]
[Result "0-1"]
[WhiteTitle "FM"]
[BlackTitle "GM"]
[WhiteElo "2393"]
[BlackElo "2601"]
[WhiteFideId "2409143"]
[BlackFideId "8608288"]
[EventDate "2025.12.27"]

1. e4 Nf6 2. e5 Nd5 3. d4 d6 4. c4 Nb6 5. exd6 cxd6 6. Nf3 g6 7. h3 Bg7 8. Be2
O-O 9. O-O Nc6 10. Nc3 Bf5 11. Be3 d5 12. c5 Nc4 13. Qb3 b6 14. cxb6 axb6 15.
Bxc4 Na5 16. Qb5 Nxc4 17. Qxd5 Qc8 18. Ne5 Nxe5 19. dxe5 Rd8 20. Qb3 Bxe5 21.
Rac1 Bxh3 22. gxh3 Qxh3 23. Rfd1 Bh2+ 24. Kh1 Bg3+ 25. Kg1 Bh2+ 26. Kh1 Bf4+ 27.
Kg1 Bxe3 28. fxe3 Qxe3+ 29. Kf1 Qf4+ 30. Ke1 Qh4+ 31. Kf1 Qh1+ 32. Kf2 Qh2+ 33.
Ke1 Qg1+ 34. Ke2 Qg2+ 35. Ke1 Qg1+ 36. Ke2 Qg4+ 37. Ke1 Qg3+ 38. Ke2 Qg2+ 39.
Ke1 Qg3+ 40. Ke2 h5 41. Rxd8+ Rxd8 42. Rd1 Qg2+ 43. Ke1 Qg1+ 44. Ke2 Qg2+ 45.
Ke1 Qh1+ 46. Ke2 Qh2+ 47. Ke1 Qh1+ 48. Ke2 Qh2+ 49. Ke1 Qg3+ 50. Kf1 Qf4+ 51.
Ke1 Qh4+ 52. Ke2 Qg4+ 53. Ke1 Qh4+ 54. Ke2 Rb8 55. Kd2 b5 56. Kc2 e6 57. a4 Qh2+
58. Rd2 bxa4 59. Rxh2 axb3+ 60. Kd3 Kg7 61. Ne4 Kh6 62. Ke3 g5 63. Rd2 h4 64.
Rd3 g4 65. Nf2 Kg5 66. Ne4+ Kg6 67. Nc5 Rb5 68. Nxb3 g3 69. Kf3 Rf5+ 70. Kg2
Rf2+ 71. Kg1 Rxb2 72. Nd2 Kf5 73. Kg2 e5 74. Kh3 e4 75. Rd4 g2 76. Kh2 h3 77.
Nxe4 Rb1 78. Ng3+ Ke5 79. Kxh3 g1=Q 80. Rd3 Re1 81. Rf3 Re3 82. Rf5+ Ke6 83. Rg5
f5 84. Rg6+ Kf7 85. Rg5 Qh1# 0-1